00666nam a22002057a 450000500170000001000130001702000230003003500130005303700160006604000120008208200150009410000260010924500750013526000530021027000520026330000250031550000510034065000290039165000400042020170124110227.0 aA-943885 c400.00a8170249678 aA-943885 bCen Lib/Ret aDPLbEN a363.2bVAD aVadackumchery, James  aIndian police-2001 :cby James Vadackumchery bwhat went wrong here? / aNew Delhi bA.P.H. Publishing Corporation c1998 bNew Delhi a5, ansari road, dariya ganje110002 axxi, 191p.c21cm(Hb) aIncludes bibliographical references and index  aTort liability of police aCriminal justice, Administration of